Puro fútbol : todos sus cuentos de fútbol /

Guardado en:
Autor Principal: Fontanarrosa, Roberto
Formato: Libro
Publicado: Buenos Aires : Planeta, 2013
Series:Biblioteca Fontanarrosa
Materias:
Etiquetas: Agregar Etiqueta
Sin Etiquetas, Sea el primero en etiquetar este registro!
LEADER 01270nam a22002415a 4500
001 CEM.cems014184
005 20131213182419.0
008 130507s2013##################000#0#####d
003 CEMS
020 |a 97895014936770 
082 0 4 |a A868.4 
100 1 |a Fontanarrosa, Roberto 
245 1 0 |a Puro fútbol :  |b todos sus cuentos de fútbol /  |c Roberto Fontanarrosa 
260 |a Buenos Aires :  |b Planeta,  |c 2013 
300 |a 224 p. 
490 0 |a Biblioteca Fontanarrosa 
505 0 |a La barrera -- La pena máxima -- Betito -- Los nombres -- Lo que se dice un ídolo -- Memorias de un wing derecho -- Lo que se dice jugador al fulbo -- Qué lástima, Cattamarancio -- Los últimos salileros -- El pichon de Cristo -- El ocho era Moacyr -- El monito -- 19 de Septiembre de 1971 -- Wilmar Everton Cardaña, número 5 de Peñarol -- La columna tecnológica : fútbol y ciencia -- Escenas de la vida deportiva -- Jorge, Daniel y el Gato -- Cenizas -- La observación de los pájaros -- Entre las cañas -- Plegarias a la virgen -- Algo le dice Falero a Saliadarré -- Relato de un utilero 
653 |a Literatura 
653 |a Literatura argentina 
653 |a Cuentos 
653 |a Relatos 
653 |a Fútbol 
859 |a CEMS  |b BIB. CEMS - 11 de abril  |h A868.4  |i F734-2  |p 26751.13  |t Ej.1